000 00408nam a2200181Ia 4500
001 9219
005 20260306160707.0
008 260306t2014||||xx |||||||||||||| ||spa||
041 _aESP
082 _a375.5
_bG14
100 _aGaletto, Marina
_eAUT
245 0 _aSaber experimentar
260 _c2014
300 _a100 páginas :
_c23 cm.
650 _aGEN
654 _aCED
942 _cLIB
_dJUS
_fJUS
_2ddc
_n
999 _c9219
_d9219